000 00923nam a2200253Ia 4500
003 OSt
005 20220918110957.0
006 a|||||r|||| 00| 0
007 ta
008 220915b |||||||| |||| 00| 0 hin d
024 _a208701
037 _cReference Collections
040 _aARTS
_cARTS
_bhin
041 _2hin
_ahin
082 _aP152,4:4k, M7(RR)
100 _aबाहरी, हरदेव
245 0 _aमुहावरा एवं लोकोक्ति कोश
246 _aMuhāvarā evan lokokti kosha
260 _aनई दिल्ली
_bविद्या प्रका0
_c1987
300 _a288पृ0
700 _a वर्मा, श्यामाला कान्त
942 _hP152,4:4k, M7(RR)
_cREF
999 _c116161
_d116161